01232 a2200157 45000010006000000050017000060080041000230030015000640400040000790800103001192450032002222640042002543000018002965050739003141000021010532490920260407155531.0260407a1972 arg spa dAR-UNSa-BCEJYS aAR-UNSa-BCEJYSbspacAR-UNSa-BCEJYS a658.012.123xModelos de decisión. Diagramas de decisión. Árboles de decisión (Cursogramas)10aCursogramas administrativos 1aBuenos Aires :bClub de Estudioc1972 a90 p.c22 cm. aParte I : Un nuevo método de relevamiento del control interno : 0. Introducción - 1. Control interno - 2. Las etapas en la ponderación del control interno - 3. Métodos convencionales de relevamiento - 4. La aplicación de cursogramas. Su fundamento - 5. Elementos de cursograma - 6. Ventajas y desventajas del cursograma - 7. El cursograma y el equipo de auditores - 8. Utilización pararlelas con otrs métodos. La experiencia práctica - 9. Aspectos generales - 10. Conclusión - 11. Ejemplos de aplicación práctica - Parte II : Cursogramas y análisis de sistemas : 0. Introducción - 1. El diseño de cursograma - 2. Casos prácticos - 3. Otros elementos auxiliares de analista de sistemas - 4. Conclusión. 1 aAlarcon, Ricardo